000 01168cam a2200277 a 4500
001 16300876
005 20110425164704.0
008 100624s2011 njua b 001 0 eng
020 _a0137152833 (hardcover : alk. paper)
020 _a9780137152834 (hardcover : alk. paper)
035 _a(OCoLC)ocn639164947
040 _aDLC
_cDLC
_dYDX
_dBTCTA
_dYDXCP
_dCDX
_dDLC
050 0 0 _aTN870.57
_b.E94 2011
082 0 0 _a622.3382
_222
_bEZE
100 1 _aEzekwe, Nnaemeka.
_928472
245 1 0 _aPetroleum Reservoir Engineering Practice /
_cNnaemeka Ezekwe.
260 _aUpper Saddle River, NJ :
_bPrentice Hall,
_cc2011.
300 _axxix, 770 p. :
_bill. ;
_c24 cm.
504 _aIncludes bibliographical references and index.
650 0 _aOil reservoir engineering.
_928473
650 0 _aPetroleum
_xGeology.
_928474
653 _bpet
_cJanuary2012
942 _2ddc
_cBB
999 _c16356
_d16356